书目信息 |
| 题名: |
数字化成图原理与实践
|
|
| 作者: | 谢刚生 , 邹时林 编著 | |
| 分册: | ||
| 出版信息: | 西安 西安地图出版社 2000.06 |
|
| 页数: | 282页 | |
| 开本: | 32开 | |
| 丛书名: | ||
| 单 册: | ||
| 中图分类: | P283.7 | |
| 科图分类: | ||
| 主题词: | 地图学 | |
| 电子资源: | ||
| ISBN: | 7-80545-887-1 | |
| 000 | 00590nam0 2200193 45 | |
| 001 | 0011201674 | |
| 005 | 20001120023503.7 | |
| 010 | @a7-80545-887-1@d18.60元 | |
| 100 | @a20001120d2000 km y0chiy0120 ea | |
| 101 | 0 | @achi |
| 200 | 1 | @a数字化成图原理与实践@AShu Zi Hua Cheng Tu Yuan Li Yu Shi Jian@f谢刚生,邹时林编著@FXie Gang Sheng,Zou Shi Lin Bian Zhu |
| 210 | @a西安@c西安地图出版社@d2000.06 | |
| 215 | @a282页@d32开 | |
| 606 | 0 | @a地图学 |
| 690 | @aP283.7@v3 | |
| 701 | 0 | @a谢刚生@4编著 |
| 701 | 0 | @a邹时林@4编著 |
| 801 | @aCN@bPftUser@c20001120 | |
| 905 | @b414672-681@dP283.7@eX783@f10 | |
| 数字化成图原理与实践/谢刚生,邹时林编著.-西安:西安地图出版社,2000.06 |
| 282页;32开 |
| ISBN 7-80545-887-1:18.60元 |
| ● |
| 相关链接 |
|
|
|
正题名:数字化成图原理与实践
索取号:P283.7/X783
 
预约/预借
| 序号 | 登录号 | 条形码 | 馆藏地/架位号 | 状态 | 备注 |
| 1 | 414668 | 204146682 | 自科库401/401自科库 119排1列2层/ [索取号:P283.7/X783] | 在馆 | |
| 2 | 414669 | 204146691 | 社科二线400B/400B社科库 7排2列5层/ [索取号:P283.7/X783] | 在馆 | |
| 3 | 414670 | 204146708 | 社科二线400B/400B社科库 7排2列5层/ [索取号:P283.7/X783] | 在馆 | |
| 4 | 414671 | 204146717 | 社科二线400B/400B社科库 9排1列2层/ [索取号:P283.7/X783] | 在馆 | |
| 5 | 414672 | 204146726 | 自科库401/401自科库 125排2列2层/ [索取号:P283.7/X783] | 在馆 | |
| 6 | 414673 | 204146735 | 社科二线400B/400B社科库 7排2列5层/ [索取号:P283.7/X783] | 在馆 | |
| 7 | 414674 | 204146744 | 社科二线400B/400B社科库 7排2列5层/ [索取号:P283.7/X783] | 在馆 | |
| 8 | 414675 | 204146753 | 社科二线400B/400B社科库 7排2列5层/ [索取号:P283.7/X783] | 在馆 | |
| 9 | 414676 | 204146762 | 社科二线400B/400B社科库 7排2列5层/ [索取号:P283.7/X783] | 在馆 | |
| 10 | 414677 | 204146771 | 社科二线400B/400B社科库 9排1列2层/ [索取号:P283.7/X783] | 在馆 |